<?xml version="1.0" encoding="UTF-8"?>
<collection xmlns="http://www.loc.gov/MARC21/slim">
 <record>
  <leader>00891nab a2200205 i 4500</leader>
  <controlfield tag="001">misc46221</controlfield>
  <controlfield tag="005">20191106140359.0</controlfield>
  <controlfield tag="008">190108s2018    hu      o     0||   zxx d</controlfield>
  <datafield tag="022" ind1=" " ind2=" ">
   <subfield code="a">1215-5233</subfield>
  </datafield>
  <datafield tag="024" ind1="7" ind2=" ">
   <subfield code="a">10.14232/ISKKULT.2018.3-4.39</subfield>
   <subfield code="2">doi</subfield>
  </datafield>
  <datafield tag="040" ind1=" " ind2=" ">
   <subfield code="a">SZTE Miscellanea Repozitórium</subfield>
   <subfield code="b">hun</subfield>
  </datafield>
  <datafield tag="041" ind1=" " ind2=" ">
   <subfield code="a">zxx</subfield>
  </datafield>
  <datafield tag="100" ind1="1" ind2=" ">
   <subfield code="a">Bengi László</subfield>
  </datafield>
  <datafield tag="245" ind1="1" ind2="2">
   <subfield code="a">A Kosztolányi-novella alakváltásai </subfield>
   <subfield code="h">[elektronikus dokumentum] :</subfield>
   <subfield code="b">mitikusság és ismeretelvűség az elbeszélő diszkurzusban /</subfield>
   <subfield code="c"> Bengi László</subfield>
  </datafield>
  <datafield tag="260" ind1=" " ind2=" ">
   <subfield code="a">Szegedi Tudományegyetem, Bölcsészet- és Társadalomtudományi Kar</subfield>
   <subfield code="b">Szeged</subfield>
   <subfield code="c">2018</subfield>
  </datafield>
  <datafield tag="300" ind1=" " ind2=" ">
   <subfield code="a">39-46</subfield>
  </datafield>
  <datafield tag="490" ind1="0" ind2=" ">
   <subfield code="a">Iskolakultúra</subfield>
   <subfield code="v">28 No. 3-4</subfield>
  </datafield>
  <datafield tag="695" ind1=" " ind2=" ">
   <subfield code="a">Magyar irodalom - novella - könyvismertetés, Magyar irodalom története - 19. sz.</subfield>
  </datafield>
  <datafield tag="700" ind1="0" ind2="1">
   <subfield code="a">Kosztolányi Dezső</subfield>
  </datafield>
  <datafield tag="856" ind1="4" ind2="0">
   <subfield code="u">http://misc.bibl.u-szeged.hu/46221/1/iskolakultura_2018_003_004_039-016.pdf</subfield>
   <subfield code="z">Dokumentum-elérés </subfield>
  </datafield>
 </record>
</collection>
